[Event "Bayerische Einzelmeisterschaft 2011"]
[Site "Regensburg"]
[Date "2011.08.20"]
[Round "1.1"]
[White "Kuhn, Tobias"]
[Black "Fedorovsky, Michael"]
[Result "0-1"]
[WhiteElo "2195"]
[BlackElo "2416"]
[PlyCount "154"]
[EventDate "2011.??.??"]
[WhiteTeam "SK 1982 Klingenberg/Main"]
[BlackTeam "SC Tarrasch 45 München"]

1. e4 c5 2. Nf3 Nc6 3. d4 cxd4 4. Nxd4 Nf6 5. Nc3 e5 6. Ndb5 d6 7. Bg5 a6 8.
Na3 b5 9. Bxf6 gxf6 10. Nd5 f5 11. c3 Bg7 12. exf5 Bxf5 13. Nc2 Be6 14. Nce3
Ne7 15. g3 Nxd5 16. Nxd5 O-O 17. Bg2 Rb8 18. O-O a5 19. a4 bxa4 20. Rxa4 Rxb2
21. Qa1 Rb5 22. Qa2 f5 23. Rb1 Rc5 24. c4 e4 25. Rb5 Rxb5 26. cxb5 Qa8 27. Nc7
Bxa2 28. Nxa8 Rxa8 29. Rxa2 Kf7 30. g4 Ke6 31. gxf5+ Kxf5 32. Bh3+ Kf4 33. Bd7
Bd4 34. Bc6 Ra7 35. Ra4 Ke5 36. Kg2 Rg7+ 37. Kh3 d5 38. Rxa5 Bxf2 39. b6 Bxb6
40. Rxd5+ Kf4 41. Rd7 Rg6 42. Rf7+ Ke5 43. Bb5 h6 44. Re7+ Kd4 45. Ba4 e3 46.
Bc2 Rf6 47. Ba4 Bc5 48. Re8 Bd6 49. Kg4 Bxh2 50. Bc2 Be5 51. Bd1 Bd6 52. Be2
Rf2 53. Ba6 Ra2 54. Bb5 h5+ 55. Kh4 Rh2+ 56. Kg5 h4 57. Kg4 Rb2 58. Ba6 Ra2 59.
Bb5 Rh2 60. Ba6 h3 61. Rd8 Kd5 62. Kf3 Rb2 63. Kxe3 h2 64. Rh8 Rb1 65. Kf2 Kd4
66. Rh4+ Kc3 67. Bf1 Rb4 68. Rh3+ Kd4 69. Bg2 Rb2+ 70. Kf1 Bf4 71. Ba8 Be3 72.
Rh4+ Kc3 73. Rh7 Kd3 74. Rd7+ Bd4 75. Rh7 Rf2+ 76. Ke1 Rf5 77. Bd5 Bc3+ 0-1

[Event "Bayerische Einzelmeisterschaft 2011"]
[Site "Regensburg"]
[Date "2011.08.20"]
[Round "1.2"]
[White "Reich, Thomas"]
[Black "Schmid, Roland"]
[Result "1-0"]
[WhiteElo "2391"]
[BlackElo "2189"]
[PlyCount "65"]
[EventDate "2011.??.??"]
[WhiteTeam "FC Bayern München e.V."]
[BlackTeam "TSV Wacker Neutraubling"]

1. d4 e6 2. e4 d5 3. exd5 exd5 4. c4 Nf6 5. Nc3 Bb4 6. Bd3 O-O 7. Nge2 dxc4 8.
Bxc4 Nbd7 9. O-O Nb6 10. Bb3 Nfd5 11. Nxd5 Nxd5 12. Nf4 Nxf4 13. Bxf4 Bd6 14.
Qf3 Kh8 15. Rfe1 a5 16. Bxd6 Qxd6 17. Qg3 Qxd4 18. Re7 a4 19. Bxf7 a3 20. Qc3
Qd6 21. Rae1 axb2 22. Qxb2 Bf5 23. h3 Rac8 24. g4 Bg6 25. Bd5 Rf6 26. R1e6 Qf4
27. Rxf6 gxf6 28. Qxb7 Rd8 29. Rxc7 Qd2 30. Rc8 Rxc8 31. Qxc8+ Kg7 32. Qe6 Qd4
33. Qe7+ 1-0

[Event "Bayerische Einzelmeisterschaft 2011"]
[Site "Regensburg"]
[Date "2011.08.20"]
[Round "1.3"]
[White "Miskevicer, Boris"]
[Black "Singer, Christoph"]
[Result "0-1"]
[WhiteElo "2187"]
[BlackElo "2380"]
[PlyCount "34"]
[EventDate "2011.??.??"]
[WhiteTeam "SG Schwabing München Nord e.V."]
[BlackTeam "SC Tarrasch 45 München"]

1. d4 d5 2. Nf3 Nf6 3. c4 e6 4. Nc3 Be7 5. g3 dxc4 6. Bg2 O-O 7. Ne5 Nc6 8.
Nxc6 bxc6 9. Bxc6 Rb8 10. O-O Bb7 11. Bxb7 Rxb7 12. h3 Qd7 13. Rb1 Rd8 14. Be3
e5 15. dxe5 Qxh3 16. exf6 Rxd1 17. fxe7 Qxf1+ 0-1

[Event "Bayerische Einzelmeisterschaft 2011"]
[Site "Regensburg"]
[Date "2011.08.20"]
[Round "1.4"]
[White "Golda, Harald"]
[Black "Lipok, Christoph"]
[Result "1-0"]
[WhiteElo "2334"]
[BlackElo "2175"]
[PlyCount "143"]
[EventDate "2011.??.??"]
[WhiteTeam "Schachklub Schweinfurt 2000 e.V."]
[BlackTeam "Spgem Kötz/Ichenhausen"]

1. d4 d5 2. Nf3 Nf6 3. c4 c6 4. Nc3 dxc4 5. a4 Bf5 6. e3 e6 7. Bxc4 Bb4 8. O-O
Nbd7 9. Qe2 O-O 10. e4 Bg6 11. e5 Nd5 12. Nxd5 cxd5 13. Bd3 Nb8 14. Bxg6 hxg6
15. Bd2 Be7 16. Qb5 Qd7 17. Rfc1 Nc6 18. Rc2 a6 19. Qd3 Rac8 20. Rac1 Rc7 21.
Ba5 Rcc8 22. Qd2 Nxa5 23. Qxa5 Rxc2 24. Rxc2 Rc8 25. Qd2 Rc4 26. b3 Bb4 27. Qc1
Ba3 28. Qd2 Rxc2 29. Qxc2 Qc6 30. Qd2 Qc1+ 31. Qxc1 Bxc1 32. Kf1 f6 33. Ke2 Bb2
34. Kd3 a5 35. Kc2 Ba3 36. Ne1 fxe5 37. dxe5 Bc5 38. f4 Kf7 39. Nf3 Be3 40. g3
Bc5 41. Kd3 Ke7 42. Ke2 Kf7 43. Ng5+ Ke7 44. Kf3 Bb4 45. Ke3 Bc5+ 46. Kd3 Bg1
47. Nf3 Bc5 48. Kc3 Kf7 49. Kc2 Ke7 50. Kd3 Kf7 51. Ke2 Ke7 52. h4 Ke8 53. Ne1
Kf7 54. Nd3 b6 55. Kf3 Ba3 56. g4 Be7 57. Kg3 Bc5 58. h5 gxh5 59. gxh5 g6 60.
hxg6+ Kxg6 61. Kg4 Be7 62. Ne1 Bc5 63. Nf3 Bf2 64. Ng5 d4 65. Nxe6 d3 66. f5+
Kf7 67. Ng5+ Ke8 68. Kf3 Bd4 69. e6 Ke7 70. Ne4 Bg1 71. Nc3 Bc5 72. Nd5+ 1-0

[Event "Bayerische Einzelmeisterschaft 2011"]
[Site "Regensburg"]
[Date "2011.08.20"]
[Round "1.5"]
[White "Schindler, Viktor"]
[Black "Heimrath, Reiner"]
[Result "0-1"]
[WhiteElo "2168"]
[BlackElo "2309"]
[PlyCount "74"]
[EventDate "2011.??.??"]
[WhiteTeam "PTSV SK Hof 1892"]
[BlackTeam "SC Noris-Tarrasch Nürnberg 1873"]

1. e4 g6 2. d4 Bg7 3. Nc3 d6 4. f4 a6 5. Nf3 Bg4 6. Be3 Nf6 7. h3 Bc8 8. Bd3
Nfd7 9. O-O c5 10. Qe1 cxd4 11. Bxd4 Bxd4+ 12. Nxd4 Qb6 13. Qf2 Nc6 14. Nb3 Nb4
15. Rae1 Qxf2+ 16. Rxf2 Nxd3 17. cxd3 e6 18. d4 b6 19. d5 e5 20. f5 g5 21. Nd2
f6 22. a4 Ke7 23. Nc4 Bb7 24. Re3 Rac8 25. b3 h5 26. g3 Rc5 27. Nb1 Rhc8 28.
Nbd2 b5 29. Na5 Ba8 30. Kg2 bxa4 31. b4 Rb5 32. Ndc4 Rxb4 33. Rc3 Rb5 34. Ra3
Rb4 35. Rc3 Nc5 36. Kf3 Nb3 37. Nxb3 axb3 0-1

[Event "Bayerische Einzelmeisterschaft 2011"]
[Site "Regensburg"]
[Date "2011.08.20"]
[Round "1.6"]
[White "Lentrodt, Thomas"]
[Black "Krauß, Josef"]
[Result "1-0"]
[WhiteElo "2307"]
[BlackElo "2160"]
[PlyCount "89"]
[EventDate "2011.??.??"]
[WhiteTeam "FC Bayern München e.V."]
[BlackTeam "SV Würzburg von 1865 e.V."]

1. d4 d5 2. Bf4 Nf6 3. c4 c6 4. e3 Qb6 5. Qb3 Bf5 6. c5 Qxb3 7. axb3 Bxb1 8.
Rxb1 Nbd7 9. h3 g6 10. Nf3 Bg7 11. b4 a6 12. Nd2 O-O 13. Bd3 Rfc8 14. Nb3 Ne8
15. O-O Nc7 16. Rfd1 e5 17. Bg3 Ne6 18. Bf1 f5 19. f3 f4 20. Bf2 fxe3 21. Bxe3
exd4 22. Bf2 b6 23. cxb6 Nxb6 24. Nxd4 Nxd4 25. Bxd4 Bxd4+ 26. Rxd4 c5 27. bxc5
Rxc5 28. Ra1 a5 29. Bd3 Rac8 30. Kh2 Nc4 31. Bxc4 dxc4 32. Rd7 Rb5 33. Re1 Rxb2
34. Ree7 c3 35. Rg7+ Kh8 36. Rxh7+ Kg8 37. Rdg7+ Kf8 38. Ra7 Kg8 39. Rhg7+ Kf8
40. Raf7+ Ke8 41. Rh7 Re2 42. Ra7 Kd8 43. Rxa5 Rd2 44. Rh8+ Kd7 45. Ra7+ 1-0

[Event "Bayerische Einzelmeisterschaft 2011"]
[Site "Regensburg"]
[Date "2011.08.20"]
[Round "1.8"]
[White "Pohl-Kuemmel, Jens-Uwe"]
[Black "Fuhrmann, Max"]
[Result "1-0"]
[WhiteElo "2287"]
[BlackElo "2153"]
[PlyCount "105"]
[EventDate "2011.??.??"]
[WhiteTeam "TSV Wacker Neutraubling"]
[BlackTeam "SK Kelheim 1920"]

1. d4 Nf6 2. Nf3 e6 3. g3 b6 4. Bg2 Bb7 5. O-O Be7 6. c4 O-O 7. Nc3 d5 8. Ne5
Nbd7 9. Qa4 c6 10. Rd1 Nxe5 11. dxe5 Nd7 12. cxd5 cxd5 13. e4 Nc5 14. Qc2 d4
15. b4 Na6 16. a3 Qc7 17. Rxd4 Rac8 18. Bb2 Qxe5 19. Rd7 Rc7 20. Rxe7 Rxe7 21.
Nd5 Rc7 22. Nxc7 Qxc7 23. Qd2 Qe7 24. Rd1 Nb8 25. Be5 Rc8 26. h4 h6 27. Bd6 Qd7
28. Bxb8 Qxd2 29. Rxd2 Rxb8 30. Rd7 a5 31. b5 Kf8 32. f3 e5 33. Bf1 Ke8 34. Rc7
Bc8 35. Bc4 Bd7 36. Bxf7+ Kd8 37. Ra7 Bxb5 38. Be6 Be8 39. Rxg7 b5 40. Kf2 Rb6
41. Bd5 Bd7 42. Rg8+ Kc7 43. Ra8 b4 44. Rxa5 b3 45. Bxb3 Rxb3 46. Rxe5 Rxa3 47.
g4 Ra6 48. Kg3 Rf6 49. g5 hxg5 50. hxg5 Ra6 51. Kf4 Ra1 52. g6 Rg1 53. Rg5 1-0

[Event "Bayerische Einzelmeisterschaft 2011"]
[Site "Regensburg"]
[Date "2011.08.20"]
[Round "1.9"]
[White "Graf, Christian"]
[Black "Zill, Christoph"]
[Result "1/2-1/2"]
[WhiteElo "2121"]
[BlackElo "2271"]
[PlyCount "71"]
[EventDate "2011.??.??"]
[WhiteTeam "SGem Pang/Rosenheim"]
[BlackTeam "SK Freising"]

1. e4 e6 2. d4 d5 3. Nd2 Be7 4. Bd3 c5 5. dxc5 Nf6 6. Ngf3 O-O 7. O-O a5 8. c3
Na6 9. Bc2 Nxc5 10. e5 Nfd7 11. Nb3 Nxb3 12. Bxb3 b5 13. a3 Ba6 14. Re1 b4 15.
axb4 axb4 16. Bc2 Qc7 17. Rxa6 Rxa6 18. Qd3 g6 19. Qxa6 bxc3 20. Qd3 cxb2 21.
Bxb2 Rb8 22. Bd4 Rb4 23. g3 Nc5 24. Qe3 Rc4 25. Bd3 Nxd3 26. Qxd3 Bb4 27. Ra1
Bc3 28. Ra8+ Kg7 29. Qe3 Bxd4 30. Nxd4 Rc1+ 31. Kg2 Qc4 32. Nxe6+ fxe6 33. Ra7+
Kg8 34. Ra8+ Kg7 35. Ra7+ Kg8 36. Ra8+ 1/2-1/2

[Event "Bayerische Einzelmeisterschaft 2011"]
[Site "Regensburg"]
[Date "2011.08.20"]
[Round "1.10"]
[White "Wagner, Florian"]
[Black "Müller, Michael"]
[Result "1-0"]
[WhiteElo "2253"]
[BlackElo "2104"]
[PlyCount "51"]
[EventDate "2011.??.??"]
[WhiteTeam "SC Noris-Tarrasch Nürnberg 1873"]
[BlackTeam "SC Bayerwald/Regen"]

1. d4 d6 2. e4 e5 3. Nf3 Nd7 4. Bc4 c6 5. O-O Qe7 6. Ng5 Nh6 7. f4 f6 8. Nf3
Nb6 9. Bb3 exd4 10. Qxd4 Be6 11. c4 O-O-O 12. Bd2 d5 13. cxd5 cxd5 14. f5 Bd7
15. Bf4 Qb4 16. exd5 Bxf5 17. Rc1+ Kd7 18. Rc7+ Ke8 19. Bxh6 gxh6 20. Qxf6 Bc5+
21. Kh1 Rf8 22. Qe5+ Be7 23. Nc3 Nd7 24. Qe3 Rf6 25. Re1 Kf8 26. Rc4 1-0

[Event "Bayerische Einzelmeisterschaft 2011"]
[Site "Regensburg"]
[Date "2011.08.20"]
[Round "1.11"]
[White "Kretschel, Klaus"]
[Black "Nuber, Korbinian"]
[Result "0-1"]
[WhiteElo "2103"]
[BlackElo "2245"]
[PlyCount "82"]
[EventDate "2011.??.??"]
[WhiteTeam "SC Unterpfaffenhofen"]
[BlackTeam "SC Dillingen"]

1. f4 g6 2. e4 d6 3. Nf3 Bg7 4. d4 c5 5. dxc5 Qa5+ 6. c3 Qxc5 7. Bd3 Nf6 8. Qe2
Nbd7 9. Be3 Qc7 10. Nbd2 O-O 11. h3 e5 12. fxe5 Nxe5 13. Nxe5 dxe5 14. O-O Be6
15. Bc2 Nd7 16. Bb3 Nc5 17. Bd5 Bxd5 18. exd5 f5 19. Qc4 Rac8 20. Nb3 Nxb3 21.
Qxc7 Rxc7 22. axb3 b6 23. Bg5 Rd7 24. d6 e4 25. Be7 Rf7 26. Ra6 Be5 27. Rfa1
Bxd6 28. Bxd6 Rxd6 29. Rxa7 Rd2 30. Rxf7 Kxf7 31. Ra7+ Kf6 32. Ra6 e3 33. Rxb6+
Kg5 34. Kf1 f4 35. Rb4 Rf2+ 36. Kg1 Rxb2 37. Re4 Rxb3 38. c4 Rc3 39. g3 f3 40.
c5 f2+ 41. Kg2 Rc1 0-1

[Event "Bayerische Einzelmeisterschaft 2011"]
[Site "Regensburg"]
[Date "2011.08.20"]
[Round "1.12"]
[White "Gießmann, Stephan"]
[Black "Shashkin, Igor"]
[Result "1-0"]
[WhiteElo "2237"]
[BlackElo "2099"]
[PlyCount "23"]
[EventDate "2011.??.??"]
[WhiteTeam "SK Kelheim 1920"]
[BlackTeam "PTSV SK Hof 1892"]

1. d4 Nf6 2. Nf3 g6 3. Bg5 Bg7 4. e3 d5 5. c4 Ne4 6. Bf4 c5 7. Nc3 Qa5 8. Qb3
Nc6 9. cxd5 cxd4 10. exd4 Nxd4 11. Nxd4 Bxd4 12. Qb5+ 1-0

[Event "Bayerische Einzelmeisterschaft 2011"]
[Site "Regensburg"]
[Date "2011.08.20"]
[Round "1.13"]
[White "Niemetz, Alexander"]
[Black "Lederle, Vitus"]
[Result "0-1"]
[WhiteElo "2013"]
[BlackElo "2214"]
[PlyCount "60"]
[EventDate "2011.??.??"]
[WhiteTeam "SC Hollfeld 1960 e.V."]
[BlackTeam "SC Dillingen"]

1. f4 d5 2. Nf3 Nf6 3. g3 g6 4. Bg2 Bg7 5. d3 c5 6. O-O Nc6 7. Qe1 O-O 8. c3 b6
9. Na3 Qc7 10. Bd2 Bb7 11. Nc2 Rad8 12. Kh1 e6 13. Rd1 Rfe8 14. d4 Ne4 15. e3
Ba6 16. Rg1 Ne7 17. Bc1 Nf5 18. g4 Be2 19. Rd2 Bxf3 20. Bxf3 Nxd2 21. Bxd2 Nd6
22. Qf1 cxd4 23. exd4 Qc4 24. Qxc4 Nxc4 25. Bc1 b5 26. Nb4 a5 27. Nc6 Rc8 28.
Ne5 b4 29. cxb4 axb4 30. Nd3 Bxd4 0-1

[Event "Bayerische Einzelmeisterschaft 2011"]
[Site "Regensburg"]
[Date "2011.08.20"]
[Round "1.14"]
[White "Schatz, Christian"]
[Black "Stöver, Leon"]
[Result "1-0"]
[WhiteElo "2204"]
[BlackElo "1919"]
[PlyCount "49"]
[EventDate "2011.??.??"]
[WhiteTeam "SK Schwanstetten 79 e.V."]
[BlackTeam "TuS Geretsried"]

1. Nf3 Nf6 2. c4 d6 3. g3 e5 4. Bg2 g6 5. Nc3 Bg7 6. O-O O-O 7. d3 a5 8. a3 Na6
9. Rb1 Nc5 10. b4 axb4 11. axb4 Ne6 12. Ng5 c6 13. b5 Nxg5 14. Bxg5 Bd7 15.
bxc6 Bxc6 16. Nd5 Re8 17. Qd2 Rb8 18. f4 h6 19. Nxf6+ Bxf6 20. Bxc6 bxc6 21.
Rxb8 Qxb8 22. Bxf6 Qb6+ 23. d4 Re6 24. fxe5 dxe5 25. c5 1-0

[Event "Bayerische Einzelmeisterschaft 2011"]
[Site "Regensburg"]
[Date "2011.08.20"]
[Round "1.15"]
[White "Dauer, Christina"]
[Black "Heiduczek, Josef"]
[Result "0-1"]
[WhiteElo "1896"]
[BlackElo "2199"]
[PlyCount "73"]
[EventDate "2011.??.??"]
[WhiteTeam "Spgem Kötz/Ichenhausen"]
[BlackTeam "SC Rottal"]

1. e4 e5 2. Nf3 d6 3. d4 exd4 4. Nxd4 Nf6 5. Nc3 Be7 6. Bc4 O-O 7. O-O Nxe4 8.
Nxe4 d5 9. Bd3 dxe4 10. Bxe4 Re8 11. Qd3 g6 12. Bh6 Bf6 13. Rad1 c6 14. Rfe1
Nd7 15. Bxc6 Rxe1+ 16. Rxe1 Ne5 17. Qe4 bxc6 18. Nxc6 Bb7 19. Nxd8 Bxe4 20.
Rxe4 Rxd8 21. Kf1 Nc6 22. c3 Bg7 23. Bf4 f5 24. Ra4 Rd1+ 25. Ke2 Rb1 26. b3
Rb2+ 27. Kf3 Rc2 28. c4 Nd4+ 29. Ke3 Ne6 30. Bb8 Bd4+ 31. Kd3 Rxf2 32. b4 Rxg2
33. Ra6 Kf7 34. a4 g5 35. Rxe6 Kxe6 36. Kxd4 f4 37. Ke4 0-1

[Event "Bayerische Einzelmeisterschaft 2011"]
[Site "Regensburg"]
[Date "2011.08.21"]
[Round "2.1"]
[White "Fedorovsky, Michael"]
[Black "Pohl-Kuemmel, Jens-Uwe"]
[Result "0-1"]
[WhiteElo "2416"]
[BlackElo "2287"]
[PlyCount "216"]
[EventDate "2011.??.??"]
[WhiteTeam "SC Tarrasch 45 München"]
[BlackTeam "TSV Wacker Neutraubling"]

1. e4 c5 2. Nf3 d6 3. Bb5+ Bd7 4. Bxd7+ Qxd7 5. c4 Nf6 6. Nc3 Nc6 7. d4 cxd4 8.
Nxd4 e6 9. O-O Be7 10. b3 O-O 11. Bb2 Rfd8 12. Re1 Rac8 13. Rc1 Bf8 14. h3 Nxd4
15. Qxd4 a6 16. Rcd1 Qc7 17. Qe3 Qc6 18. Rc1 Qe8 19. Qg3 g6 20. Nd5 Nxd5 21.
exd5 e5 22. f4 Bh6 23. fxe5 Bxc1 24. Bxc1 dxe5 25. Rxe5 Qf8 26. Bb2 h6 27. Qc3
Kh7 28. Re7 Rxd5 29. Qe3 Rf5 30. g4 Rf3 31. Qe5 Rd8 32. Kg2 Rfd3 33. Qf6 Rd2+
34. Kh1 R2d7 35. Rxd7 Rxd7 36. Bc3 Rd6 37. Qe5 Re6 38. Qd4 Rd6 39. Qe5 Re6 40.
Qd4 b5 41. c5 f5 42. gxf5 gxf5 43. c6 Rd6 44. Qa7+ Kg8 45. Qg1+ Kf7 46. Bb4 Qa8
47. Bxd6 Qxc6+ 48. Qg2 Qxd6 49. Qf3 Qe6 50. Qb7+ Kg6 51. Qg2+ Kf6 52. Qb2+ Qe5
53. Qa3 Qe1+ 54. Kg2 Qe2+ 55. Kg1 Qe6 56. Kf2 Kg5 57. Qf8 Kh4 58. Qb8 Kg5 59.
Qg3+ Kf6 60. Qb8 Kg7 61. Qc7+ Kf6 62. Qb8 Qc6 63. Qh8+ Kg6 64. Qg8+ Kh5 65.
Qf7+ Qg6 66. Qc7 Qg5 67. Qd6 f4 68. Qxa6 Qg3+ 69. Kf1 Qxh3+ 70. Kf2 Qe3+ 71.
Kf1 Qd3+ 72. Kf2 Qd2+ 73. Kf1 b4 74. Qc6 Kg5 75. Qc5+ Kg4 76. Qg1+ Kf3 77. Qh1+
Ke3 78. Qh3+ Kd4 79. Qxh6 Qc1+ 80. Kf2 Qe3+ 81. Kf1 Qd3+ 82. Kf2 Qc2+ 83. Kf1
Qb1+ 84. Kf2 Qxa2+ 85. Kf1 Qb1+ 86. Kf2 Qc2+ 87. Kf1 Qc1+ 88. Kf2 Qe3+ 89. Kf1
Kc3 90. Qf6+ Kxb3 91. Qf7+ Kc3 92. Qc7+ Kb2 93. Qg7+ Kc2 94. Qg2+ Kd3 95. Qd5+
Kc3 96. Qc6+ Kb2 97. Qg2+ Kc1 98. Qc6+ Kd1 99. Qd5+ Qd2 100. Qe4 Kc1 101. Qc6+
Qc3 102. Qe4 f3 103. Qf4+ Kc2 104. Qh2+ Kb1 105. Qh4 Qd3+ 106. Kg1 Qe3+ 107.
Kh1 Qc1+ 108. Kh2 Qd2+ 0-1

[Event "Bayerische Einzelmeisterschaft 2011"]
[Site "Regensburg"]
[Date "2011.08.21"]
[Round "2.2"]
[White "Nuber, Korbinian"]
[Black "Reich, Thomas"]
[Result "1/2-1/2"]
[WhiteElo "2245"]
[BlackElo "2391"]
[PlyCount "138"]
[EventDate "2011.??.??"]
[WhiteTeam "SC Dillingen"]
[BlackTeam "FC Bayern München e.V."]

1. e4 c5 2. Nc3 g6 3. Nf3 Bg7 4. g3 Nc6 5. Bg2 d6 6. O-O Nf6 7. h3 O-O 8. d3
Ne8 9. Be3 e5 10. Qd2 Nc7 11. a4 Rb8 12. Ne2 b6 13. Bh6 f6 14. Bxg7 Kxg7 15. c4
Ne6 16. Qd1 Rb7 17. Ne1 Ned4 18. Nc2 Nxc2 19. Qxc2 Rbf7 20. f4 Kh8 21. Kh2 Bd7
22. Rf2 Qe7 23. Raf1 h6 24. Qd1 Kg7 25. Nc3 Qd8 26. f5 g5 27. Bf3 Rh8 28. Bh5
Rff8 29. Rh1 Ne7 30. Kg1 Be8 31. Rfh2 Bxh5 32. Qxh5 Qe8 33. Qxe8 Rxe8 34. Kf2
h5 35. Ke3 Rb8 36. a5 bxa5 37. Ra1 Nc6 38. Ra2 Rb3 39. Rd2 h4 40. g4 Rhb8 41.
Nb5 R8xb5 42. cxb5 Rxb5 43. Kf2 Kf7 44. Ke1 Ke7 45. Kd1 Nd4 46. Ra3 Kd7 47. Rf2
Kc6 48. Kc1 Kb6 49. Kb1 Rb4 50. Rc3 Kb5 51. Ka2 a4 52. Kb1 a5 53. Ka2 Nc6 54.
Kb1 Rd4 55. Rd2 Nb4 56. Rc4 Nc6 57. Kc2 Nb8 58. Rd1 Nd7 59. b3 axb3+ 60. Kxb3
Nb6 61. Rxd4 exd4 62. Rb1 a4+ 63. Kc2+ Kc6 64. Ra1 Kb5 65. Rb1+ Ka5 66. Rb2 Ka6
67. Ra2 Kb5 68. Rb2+ Ka5 69. Rb1 Ka6 1/2-1/2

[Event "Bayerische Einzelmeisterschaft 2011"]
[Site "Regensburg"]
[Date "2011.08.21"]
[Round "2.3"]
[White "Singer, Christoph"]
[Black "Wagner, Florian"]
[Result "1/2-1/2"]
[WhiteElo "2380"]
[BlackElo "2253"]
[PlyCount "81"]
[EventDate "2011.??.??"]
[WhiteTeam "SC Tarrasch 45 München"]
[BlackTeam "SC Noris-Tarrasch Nürnberg 1873"]

1. e4 c5 2. Nf3 e6 3. c3 d6 4. d4 Nd7 5. Bd3 Ne7 6. O-O Ng6 7. Be3 Be7 8. Nbd2
O-O 9. b4 b6 10. Rb1 Bb7 11. bxc5 dxc5 12. Qe2 Qc7 13. e5 Rae8 14. Ng5 Bxg5 15.
Bxg5 f6 16. exf6 gxf6 17. Bh6 Rf7 18. f4 f5 19. Nc4 Nf6 20. Ne5 Nxe5 21. fxe5
Ne4 22. Rbc1 Kh8 23. Rf3 Rg8 24. Bxe4 Bxe4 25. Rg3 Qd8 26. Qh5 Rxg3 27. hxg3
Qg8 28. Qh4 c4 29. Bg5 Qg6 30. Kf2 Kg8 31. Bf6 h6 32. Rh1 Rh7 33. Qf4 Qg4 34.
Qd2 h5 35. Rh4 Qg6 36. Qc1 Bd5 37. Rf4 Qe8 38. Qa3 Qb5 39. Qc1 Be4 40. Rh4 Qb1
41. Qxb1 1/2-1/2

[Event "Bayerische Einzelmeisterschaft 2011"]
[Site "Regensburg"]
[Date "2011.08.21"]
[Round "2.4"]
[White "Lederle, Vitus"]
[Black "Golda, Harald"]
[Result "1/2-1/2"]
[WhiteElo "2214"]
[BlackElo "2334"]
[PlyCount "71"]
[EventDate "2011.??.??"]
[WhiteTeam "SC Dillingen"]
[BlackTeam "Schachklub Schweinfurt 2000 e.V."]

1. e4 c5 2. Nf3 d6 3. d4 cxd4 4. Nxd4 Nf6 5. Nc3 Nc6 6. h3 e5 7. Nf3 Be6 8. Bg5
Be7 9. Be2 O-O 10. O-O a6 11. Bxf6 Bxf6 12. Nd5 Bg5 13. c3 Bh6 14. Nh2 Ne7 15.
Nxe7+ Qxe7 16. Ng4 Bg5 17. Qd3 Rfd8 18. Ne3 Bxe3 19. Qxe3 d5 20. exd5 Bxd5 21.
Rfd1 Bc6 22. Bf3 e4 23. Be2 g6 24. Rxd8+ Rxd8 25. Rd1 Rxd1+ 26. Bxd1 Qd6 27.
Bb3 Kg7 28. h4 h6 29. Bc4 Qd1+ 30. Kh2 Bd5 31. Be2 Qe1 32. Qd4+ Kg8 33. Qxd5
Qxe2 34. Qd8+ Kg7 35. Qd4+ Kg8 36. Qd8+ 1/2-1/2

[Event "Bayerische Einzelmeisterschaft 2011"]
[Site "Regensburg"]
[Date "2011.08.21"]
[Round "2.5"]
[White "Heimrath, Reiner"]
[Black "Gießmann, Stephan"]
[Result "1/2-1/2"]
[WhiteElo "2309"]
[BlackElo "2237"]
[PlyCount "118"]
[EventDate "2011.??.??"]
[WhiteTeam "SC Noris-Tarrasch Nürnberg 1873"]
[BlackTeam "SK Kelheim 1920"]

1. e4 e6 2. d3 d5 3. Nd2 c5 4. Ngf3 Nc6 5. Be2 g6 6. O-O Bg7 7. c3 Nge7 8. Nb3
b6 9. a4 a5 10. Bf4 e5 11. Bg5 f6 12. Bd2 O-O 13. Qc1 Be6 14. Ra3 Rc8 15. Bh6
Qd7 16. Re1 Rfd8 17. Bxg7 Kxg7 18. Bf1 Nb4 19. Nbd2 d4 20. Nc4 Bxc4 21. dxc4
dxc3 22. Qxc3 Nec6 23. Qc1 Nd4 24. Nxd4 Qxd4 25. Qb1 Qd2 26. Rc3 Rd4 27. g3
Rcd8 28. Kg2 h5 29. h4 R8d6 30. Be2 Kf7 31. Kf1 Ke7 32. Rcc1 Qh6 33. Rcd1 Qf8
34. Rxd4 Rxd4 35. Rd1 Nc6 36. Rxd4 Nxd4 37. Qc1 Kf7 38. f4 Qh6 39. Kf2 Kg7 40.
Qe3 Qh8 41. Bd1 Qd8 42. Ke1 Qe7 43. Kd2 Qd6 44. Kc1 Qe6 45. b3 Qd6 46. Qd2 Qe6
47. Qg2 Qe7 48. Kb2 Qd6 49. Qd2 Nf5 50. Qxd6 Nxd6 51. Bf3 Nf7 52. Kc3 Kh6 53.
Kd3 g5 54. f5 gxh4 55. gxh4 Nd8 56. Ke3 Nc6 57. Bd1 Nb4 58. Kd2 Nc6 59. Ke3 Nd4
1/2-1/2

[Event "Bayerische Einzelmeisterschaft 2011"]
[Site "Regensburg"]
[Date "2011.08.21"]
[Round "2.6"]
[White "Heiduczek, Josef"]
[Black "Lentrodt, Thomas"]
[Result "0-1"]
[WhiteElo "2199"]
[BlackElo "2307"]
[PlyCount "96"]
[EventDate "2011.??.??"]
[WhiteTeam "SC Rottal"]
[BlackTeam "FC Bayern München e.V."]

1. e4 e6 2. d4 d5 3. Nc3 dxe4 4. Nxe4 Nd7 5. Nf3 Ngf6 6. Bd3 c5 7. Nxf6+ Nxf6
8. Bg5 a6 9. dxc5 Bxc5 10. Qe2 Qa5+ 11. Bd2 Bb4 12. c3 Bd6 13. O-O Qh5 14. Rfe1
O-O 15. Bg5 Ng4 16. h3 Nh2 17. Nxh2 Qxg5 18. Rad1 Bc7 19. Qe4 g6 20. Qc4 Qf4
21. Qxf4 Bxf4 22. Nf3 Rd8 23. Be4 Rxd1 24. Rxd1 Bc7 25. Rd4 Kf8 26. h4 h6 27.
Rd1 Ke7 28. Kf1 f5 29. Bc2 e5 30. Bb3 Be6 31. Bxe6 Kxe6 32. Ke2 Bb6 33. Ne1 Rc8
34. g3 g5 35. Ng2 g4 36. Ne1 Rc4 37. Nd3 f4 38. Kf1 Kf5 39. Re1 Re4 40. Rd1
fxg3 41. fxg3 Re3 42. Ne1 Rxg3 43. Rd7 Rg1+ 44. Ke2 Rh1 45. Rxb7 Rh2+ 46. Kd3
e4+ 47. Kc4 Bf2 48. Nc2 g3 0-1

[Event "Bayerische Einzelmeisterschaft 2011"]
[Site "Regensburg"]
[Date "2011.08.21"]
[Round "2.7"]
[White "Safyanowsky, Mark"]
[Black "Schatz, Christian"]
[Result "1/2-1/2"]
[WhiteElo "2288"]
[BlackElo "2204"]
[PlyCount "27"]
[EventDate "2011.??.??"]
[WhiteTeam "SAbt TSV Haunstetten"]
[BlackTeam "SK Schwanstetten 79 e.V."]

1. Nf3 d5 2. g3 c6 3. Bg2 Nf6 4. O-O Bf5 5. b3 h6 6. Bb2 e6 7. d3 Be7 8. Nbd2
O-O 9. c4 Nbd7 10. Qc2 Bh7 11. Rac1 Re8 12. Qb1 Qa5 13. Qa1 Ba3 14. Rc2 1/2-1/2

[Event "Bayerische Einzelmeisterschaft 2011"]
[Site "Regensburg"]
[Date "2011.08.21"]
[Round "2.8"]
[White "Zill, Christoph"]
[Black "Hornung, Hans"]
[Result "1/2-1/2"]
[WhiteElo "2271"]
[BlackElo "2158"]
[PlyCount "72"]
[EventDate "2011.??.??"]
[WhiteTeam "SK Freising"]
[BlackTeam "SK Klosterlechfeld"]

1. e4 g6 2. d4 Bg7 3. Nc3 d6 4. f4 a6 5. Nf3 b5 6. Be3 Bb7 7. a3 Nf6 8. Bd3 O-O
9. O-O Nbd7 10. h3 c5 11. e5 Nd5 12. Nxd5 Bxd5 13. c3 Qc7 14. Qe1 Rad8 15. Rd1
Nb6 16. exd6 exd6 17. f5 Rfe8 18. Qf2 Bc4 19. Bg5 Rc8 20. Qh4 Bxd3 21. Rxd3 c4
22. Rd2 Nd5 23. f6 Bh8 24. Nh2 Re6 25. Ng4 Rce8 26. Nh6+ Kf8 27. Rdf2 Re4 28.
Qg3 R8e6 29. h4 Qd8 30. h5 Bxf6 31. hxg6 hxg6 32. Bxf6 Nxf6 33. Qg5 Kg7 34.
Nf5+ Kg8 35. Nh6+ Kg7 36. Nf5+ Kg8 1/2-1/2

[Event "Bayerische Einzelmeisterschaft 2011"]
[Site "Regensburg"]
[Date "2011.08.21"]
[Round "2.9"]
[White "Schmid, Roland"]
[Black "Graf, Christian"]
[Result "1-0"]
[WhiteElo "2189"]
[BlackElo "2121"]
[PlyCount "69"]
[EventDate "2011.??.??"]
[WhiteTeam "TSV Wacker Neutraubling"]
[BlackTeam "SGem Pang/Rosenheim"]

1. d4 d5 2. Nf3 Nf6 3. c4 c6 4. e3 Bf5 5. Nc3 e6 6. Nh4 Be4 7. f3 Bg6 8. Qb3
Qb6 9. Nxg6 hxg6 10. Bd2 Nbd7 11. g3 Be7 12. O-O-O O-O 13. g4 Ne8 14. Kb1 Qxb3
15. axb3 g5 16. e4 Nb6 17. Bd3 Nc7 18. Rde1 Bf6 19. Ne2 g6 20. e5 Be7 21. h4
gxh4 22. f4 dxc4 23. bxc4 c5 24. f5 f6 25. exf6 Bxf6 26. g5 Bxd4 27. Nxd4 cxd4
28. f6 Nd7 29. Rxh4 Nxf6 30. gxf6 Rxf6 31. Rxd4 Rc8 32. Bc3 Rf2 33. Rh4 Kf7 34.
Rh7+ Ke8 35. Bxg6+ 1-0